| 000 | 00000nam##2200000za#4500 |
| 001 | 9.616493 |
| 003 | CaOODSP |
| 005 | 20210615101637 |
| 007 | ta |
| 008 | 150406|2003||||xxc||||| f|0| 0 eng|d |
| 020 | |a0-662-34738-2 |
| 040 | |aCaOODSP|beng |
| 043 | |an-cn--- |
| 086 | 1 |aH113-6/2003-5E |
| 110 | 1 |aCanada. |bPest Management Regulatory Agency. |
| 245 | 10|a3M sprayable pheromone for mating disruption of Tomato Pinworm |
| 260 | |bHealth Canada. |c2003. |
| 300 | |a[3]p. ; |c28 cm. |
| 490 | 1 |aRegulatory decision document |vRDD 2003-05 |
| 520 | 3 |aDecision documents are used to announce the Agency's final decision concerning an application for a new active ingredient, a major new use of an existing active ingredient, or a special review. Decision documents normally follow a Proposed Regulatory Decision Document (PRDD). The document summarizes the comments received during the consultation period and explains how the comments affected the final decision. |
| 563 | |aProcessed |
| 590 | |a03-35|b2003-08-29 |
| 690 | 07|aDecisions|2gcpds |
| 690 | 07|aPesticides|2gcpds |
| 775 | 08|tPhéromone pulvérisable de la 3M perturbatrice du comportement reproducteur de la mineuse de la tomate |w(CaOODSP)9.626313 |
| 776 | 0#|t3M Sprayable Pheromone for Mating Disruption of Tomato Pinworm |w(CaOODSP)9.558570 |
| 830 | #0|aRegulatory decision document ;|vRDD 2003-05|w(CaOODSP)9.514701 |